UBT Library

Introduction to management science with spreadsheets / (Record no. 42790)

000 -LEADER
fixed length control field 00943cam a22003014a 4500
001 - CONTROL NUMBER
control field 14197012
005 - DATE AND TIME OF LATEST TRANSACTION
control field 20180216070230.0
008 - FIXED-LENGTH DATA ELEMENTS--GENERAL INFORMATION
fixed length control field 051212s2007 maua 001 0 eng
010 ## - LIBRARY OF CONGRESS CONTROL NUMBER
LC control number 2005058542
020 ## - INTERNATIONAL STANDARD BOOK NUMBER
International Standard Book Number 007299066X
020 ## - INTERNATIONAL STANDARD BOOK NUMBER
International Standard Book Number 9780072990669
020 ## - INTERNATIONAL STANDARD BOOK NUMBER
International Standard Book Number 0073252905
020 ## - INTERNATIONAL STANDARD BOOK NUMBER
International Standard Book Number 9780073252902
035 ## - SYSTEM CONTROL NUMBER
System control number (OCoLC)ocm62742661
035 ## - SYSTEM CONTROL NUMBER
System control number (OCoLC)62742661
040 ## - CATALOGING SOURCE
Original cataloging agency DLC
Transcribing agency DLC
Modifying agency YDX
-- BAKER
-- UBY
-- NLGGC
-- BTCTA
-- YDXCP
-- DLC
041 ## - LANGUAGE CODE
Language code of text/sound track or separate title eng
042 ## - AUTHENTICATION CODE
Authentication code pcc
080 ## - UNIVERSAL DECIMAL CLASSIFICATION NUMBER
Universal Decimal Classification number 658 STE
082 00 - DEWEY DECIMAL CLASSIFICATION NUMBER
Classification number 658 STE
Edition number 22
084 ## - OTHER CLASSIFICATION NUMBER
Classification number 658 STE
Source of number bcl
100 1# - Rafti
Rafti 54
101 ## - Shkurtesa
Shkurtesa MEN
245 10 - TITLE STATEMENT
Title Introduction to management science with spreadsheets /
Statement of responsibility, etc William J. Stevenson, Ceyhun Ozgur.
906 ## - LOCAL DATA ELEMENT F, LDF (RLIN)
a 7
b cbc
c orignew
d 1
e ocip
f 20
g y-gencatlg
942 ## - ADDED ENTRY ELEMENTS (KOHA)
Source of classification or shelving scheme
Item type Books
Holdings
Withdrawn status Lost status Source of classification or shelving scheme Damaged status Not for loan Collection code Permanent location Current location Shelving location Date acquired Total Checkouts Full call number Barcode Date last seen Price effective from Koha item type
          Koleksioni i përgjithshem UBT - Lipjan UBT - Lipjan Koleksioni i përgjithshem 02/16/2018   658 STE 002-2997289 02/16/2018 02/16/2018 Books
UBT Library © 2015-2024. All rights reserved University Education for Business and Technology